| 000 | 00758cab a2200253 4500 | ||
|---|---|---|---|
| 001 | ABS60692 | ||
| 008 | 090401t1999 xxu||||| |||| 00| 0 eng d | ||
| 035 | _a(Sirsi) u93588 | ||
| 041 | _aeng | ||
| 245 | _aCCS (NI) Limited (T/A Granville Cold Storage Company) v Commissioner of Valuation for Northern Ireland | ||
| 260 | _c1999 | ||
| 350 | _a0 | ||
| 490 |
_aRating Appeals _v[1999] RA 142-168(14) |
||
| 650 | _aBLAST FREEZING | ||
| 650 | _aCCS LTD (GRANVILLE COLD STORAGE CO) V COMMISSIONER OF VALUATION FOR NI | ||
| 650 | _aCOLD STORES | ||
| 650 | _aFREEZERS | ||
| 650 | _aINDUSTRIAL HEREDITAMENT | ||
| 650 | _aNORTHERN IRELAND | ||
| 650 | _aRATING APPEALS | ||
| 690 | _aRATING AND VALUATION-CASE LAW | ||
| 942 | _n0 | ||
| 948 | _c27/05/1999 | ||
| 999 |
_c59307 _d59307 |
||